Las Vegas Raiders Head Coaches by Picture - Statistics

General Stats
  • This quiz has been taken 50 times
    14 since last reset
  • The average score is 11 of 24
Answer Stats
Picture Hint Answer % Correct
1969-1978 John Madden
100%
1998-2001 | 2018-2021 Jon Gruden
100%
1963-1965 Al Davis
89%
2025-Present Pete Carroll
89%
1989-1994 | 2006 Art Shell
78%
1979-1987 Tom Flores
78%
1988-1989 Mike Shanahan
67%
2012-2014 Dennis Allen
56%
2011 Hue Jackson
56%
2015-2017 Jack Del Rio
56%
2008-2010 Tom Cable
56%
2022-2023 Josh McDaniels
44%
2007-2008 Lane Kiffin
44%
2004-2005 Norv Turner
44%
2023-2024 Antonio Pierce
33%
1995-1996 Mike White
22%
2002-2003 Bill Callahan
11%
1997 Joe Bugel
11%
1966-1968 John Rauch
11%
2021 Rich Bisaccia
11%
1960-1961 Eddie Erdelatz
0%
1961-1962 Marty Feldman
0%
1962 Red Conkright
0%
2014 Tony Sparano
0%
No matching quizzes found
Score Distribution
Percent of People with Each Score
Percentile by Number Answered
Your Score History
You have not taken this quiz since the last reset